Gaming Quiz

Random Gaming or Pokémon Quiz

Brock's Pokemon Quiz Stats

 Plays Quiz not verified by Sporcle

Challenge
Share
Tweet
Embed
Score 0/37 Timer 08:00
0 Plays Today
Games Pokemon % Correct
R/B/Y and FR/LGOnix
100%
G/S/C and HG/SSOnix
100%
HG/SSOnix
100%
Pokémon StadiumOnix
100%
Pokémon StadiumOnix
100%
Pokémon Stadium 2Onix
100%
R/B/Y and FR/LGGeodude
97.2%
HG/SSGolem
85%
Pokémon StadiumGolem
85%
Pokémon Stadium 2Golem
85%
Pokémon Stadium 2Steelix
80.4%
G/S/C and HG/SSGraveler
79.4%
Pokémon StadiumGraveler
79.4%
G/S/C and HG/SSRhyhorn
70.1%
G/S/C and HG/SSKabutops
69.2%
HG/SSKabutops
69.2%
Pokémon Stadium 2Kabutops
69.2%
Pokémon Stadium 2Rhydon
69.2%
G/S/C and HG/SSOmastar
68.2%
Games Pokemon % Correct
HG/SSOmastar
68.2%
Pokémon StadiumOmastar
68.2%
Pokémon Stadium 2Omastar
68.2%
Pokémon StadiumKabuto
66.4%
Pokémon StadiumOmanyte
63.6%
Pokémon StadiumVulpix
48.6%
Pokémon StadiumGolbat
43%
HG/SSRampardos
42.1%
Pokémon StadiumNinetales
42.1%
HG/SSRelicanth
34.6%
Pokémon StadiumDugtrio
32.7%
Pokémon Stadium 2Shuckle
29.9%
Pokémon StadiumCubone
26.2%
Pokémon Stadium 2Forretress
24.3%
Pokémon Stadium 2Ursaring
21.5%
Pokémon Stadium 2Pinsir
18.7%
Pokémon Stadium 2Heracross
18.7%
Pokémon Stadium 2Slowbro
17.8%

You're not logged in!

Compare scores with friends on all Sporcle quizzes.
OR
Log In

You Might Also Like...

Show Comments

Extras

Top Quizzes Today


Score Distribution

Your Account Isn't Verified!

In order to create a playlist on Sporcle, you need to verify the email address you used during registration. Go to your Sporcle Settings to finish the process.

Report this User

Report this user for behavior that violates our Community Guidelines.

Details: